=LDR 00000nam 2200000 4500 =001 INLIS000000000048405 =005 20161028153146.0 =006 =007 =008 =035 ##$$0010-101600000000163 =040 ##$$a NBPDMAT =082 ##$$a 650.1 =090 ##$$a 650.1$bInd i =245 ##$$a Indonesia knoledge forum $b Moving our for sustainable next level, utilizing knoledge $c Tim BCA dan Tim KMPLUS =260 ##$$a Jakarta $b KM Plus $c 2015 =300 ##$$a v, 411 hlm. : $b ilus. ; $c 21 cm =650 ##$$a Bisnis =850 ##$$a NBPDMAT =990 ##$$a 31600228